Từ điển công nghệ thông tin Anh - Anh - Việt : (Minh họa)

Sách là quyển từ điển giới thiệu từ và nghĩa chuyên ngành công nghệ thông tin.

Guardado en:
Detalles Bibliográficos
Autor principal: Đỗ, Duy Việt
Formato: Libro
Lenguaje:Undetermined
Publicado: Hà Nội Thống kê 1998
Materias:
Etiquetas: Agregar Etiqueta
Sin Etiquetas, Sea el primero en etiquetar este registro!
Thư viện lưu trữ: Trung tâm Học liệu Trường Đại học Cần Thơ
LEADER 00801nam a2200241Ia 4500
001 CTU_32858
008 210402s9999 xx 000 0 und d
020 |b 71.000đ 
020 |c 71000 
082 |a 004.03 
082 |b V308 
100 |a Đỗ, Duy Việt 
245 0 |a Từ điển công nghệ thông tin Anh - Anh - Việt : 
245 0 |b (Minh họa) 
245 0 |c Đỗ Duy Việt 
260 |a Hà Nội 
260 |b Thống kê 
260 |c 1998 
520 |a Sách là quyển từ điển giới thiệu từ và nghĩa chuyên ngành công nghệ thông tin. 
650 |a Computer science,Information technology 
650 |x Terminology,Terminology 
904 |i Minh 
980 |a Trung tâm Học liệu Trường Đại học Cần Thơ